Tree Dwelling Animals - Sudden Death - Statistics

General Stats
  • This quiz has been taken 896 times
  • The average score is 11 of 16
Answers on the Grid
Answers color-coded by a green-red scale on the quiz's grid according to % correct below.
Brushtail Possum
Colugo
Emu
Fallow deer
Flying squirrel
Fruit bat
Gharial
Gibbon
Goliath frog
Greater kudu
Green mamba
Halibut
Hedgehog
Kinkajou
Koala
Leopard tortoise
Meerkat
Minnow
Orangutan
Pine marten
Platypus
Polar bear
Red panda
Red squirrel
Sidewinder
Slow worm
Spider monkey
Star-nosed mole
Sugar glider
Three-toed sloth
Veiled chameleon
Warthog
 
Answer Stats
Answer % Correct
Koala
87%
Flying squirrel
86%
Red squirrel
85%
Spider monkey
85%
Three-toed sloth
83%
Orangutan
80%
Fruit bat
77%
Gibbon
75%
Sugar glider
74%
Red panda
72%
Brushtail Possum
65%
Veiled chameleon
62%
Pine marten
55%
Green mamba
51%
Kinkajou
44%
Colugo
29%
No matching quizzes found
Score Distribution
Percent of People with Each Score
Percentile by Number Answered
Your Score History
You have not taken this quiz